Los pendientes de la reforma del Estado

Detalles Bibliográficos
Autor principal: Tamayo Herrera, Yadhira
Formato: eBook
Lenguaje:español
Publicado: Ciudad de Mx̌ico: Cm̀ara de Diputados, 2006
Materias:
Acceso en línea:Acceso restringido

MARC

LEADER 00000nam a22000007a 4500
005 20171213193949.0
007 cr|||| |||
008 171213s2006 mx |||||s|||| 00||0 spa d
035 |a 20915 
040 |a vLex 
090 |c 7326  |d 7326 
100 1 |a Tamayo Herrera, Yadhira  
245 1 3 |a Los pendientes de la reforma del Estado  |h [Recurso electrn̤ico] /  |c Dip. Yadhira Yvette Tamayo Herrera  
256 |a Servicio en ln̕ea 
260 |a Ciudad de Mx̌ico:  |b Cm̀ara de Diputados,  |c 2006 
300 |a 1 recurso electrn̤ico 
506 1 |a Disponible solo en los productos indicados  |d vLex Global  |d vLex Global (Academic Edition, excluding Law Schools)  |d vLex Global (U.S. Academic Edition, Law Schools)  |d vLex Global (U.S. Academic Edition, excluding Law Schools)  |d vLex Global (Academic Edition, Law Schools) 
650 0 4 |a Derecho Civil  |z Mx̌ico 
650 0 4 |a Derecho Constitucional  |z Mx̌ico 
740 0 |a vLex Libros (Servicio en ln̕ea) 
856 4 0 |u http://vlex.com/source/pendientes-de-la-reforma-del-estado-20915/  |z Acceso restringido 
942 |c BOOK 
999 0 |a Civil law 
999 0 |a Constitutional law